01012nam a2200265 a 4500001000400000003001000004005001700014008004100031020001800072040002500090080003100115090003000146100002000176245011100196260003800307300002000345504002400365650002700389650002300416650002200439942001200461952013000473952013000603999001300733665BR-CuiBMT20231216002622.0231113s2019 mg 000 0 po d a9788545006237 aBR-CuiBMTcBR-CuiBMT 22007a351.94:336.148x(81) a351.94:336.148(81)bC432a1 aChadid, Ronaldo10aA função social do Tribunal de Contas no Brasil /cRonaldo Chadid ; Prefácio Francisco Pedro Jucá. aBelo Horizonte :bFórum,c2019. a262 p. ;c21 cm aInclui bibliografia aDireito administrativo aDireito financeiro aDireito público 2udccLV 00102udc4070aBIBTCEMTbBIBTCEMTd2023-11-13l0o351.94:336.148 C432apBIBTCEMT23110503r2023-11-13tEx. 1w2023-11-13yLV 00102udc4070aBIBTCEMTbBIBTCEMTd2023-11-13l0o351.94:336.148 C432apBIBTCEMT23120646r2023-12-16tEx. 2w2023-11-13yLV c665d665